| 000 | 00563nam a22001817a 4500 | ||
|---|---|---|---|
| 005 | 20150519155441.0 | ||
| 010 | _aENG-112712 | ||
| 020 |
_a9788172132262 _c400.00 |
||
| 035 | _aEN-96244 | ||
| 037 | _bDBAD/PUB | ||
| 082 | _a921 | ||
| 100 | _aHazarika, Karabi | ||
| 245 |
_aBirendra Kumar Bhattacharyya : _cby Karabi Hazarika _bstudies on modern Assamese writers / |
||
| 260 |
_aGuwahati _bPurbanchal Prakash _c2014 |
||
| 270 |
_aH.N.2, Sewjee Path, Wireless, _bGuwahati _e781001 |
||
| 300 |
_a160p. _c23cm(Hb) |
||
| 942 |
_2ddc _cEN _mBIR _h921 |
||
| 999 |
_c92989 _d92989 |
||